[Event "CAN-ch"]
[Site "Toronto CAN"]
[Date "1996.08.22"]
[Round "9"]
[White "Schleifer, Michael"]
[Black "Teplitsky, Yan"]
[Result "0-1"]
[WhiteElo "2270"]
[BlackElo "2450"]
[PlyCount "152"]
[GameId "2160767912024862"]
[EventDate "1996.08.14"]
[EventType "tourn"]
[EventRounds "15"]
[EventCountry "CAN"]
[EventCategory "4"]

1. e4 c5 2. Nc3 Nc6 3. g3 g6 4. Bg2 Bg7 5. f4 d6 6. Nf3 e5 7. d3 Nge7 8. h4 h5 9. O-O Bg4 10. Ne2 Qd7 11. c3 exf4 12. Bxf4 d5 13. Nh2 Be6 14. Bg5 dxe4 15. dxe4 Qxd1 16. Rfxd1 Bc4 17. Kf2 Ne5 18. b3 Ba6 19. Bxe7 Bxe2 20. Kxe2 Kxe7 21. Rd5 b6 22. Rad1 Rad8 23. Bh3 Rxd5 24. Rxd5 Rd8 25. Rxd8 Kxd8 26. Nf1 Bh6 27. Nh2 Ke7 28. Nf3 Bg7 29. c4 Nc6 30. Kd2 Be5 31. g4 Bg3 32. gxh5 gxh5 33. Bf1 Kf6 34. Be2 Kg6 35. Bd3 Kh6 36. Ke2 Nd4+ 37. Ke3 Nc6 38. Ke2 Ne7 39. Kf1 Ng6 40. Kg2 Bxh4 41. Bc2 Bf6 42. Kg3 Bg5 43. Bd1 Bf4+ 44. Kg2 Ne7 45. Nh4 Nc6 46. Nf5+ Kg6 47. Nh4+ Kg5 48. Nf3+ Kh6 49. Nh4 Nb4 50. a3 Nc6 51. Nf5+ Kg6 52. Nh4+ Kg5 53. Nf3+ Kh6 54. Nh4 Bc1 55. Nf5+ Kg6 56. Kh3 Bf4 57. Kh4 Bg5+ 58. Kh3 Nd4 59. Nd6 Bf4 60. Nc8 Bb8 61. Ne7+ Kf6 62. Nd5+ Ke5 63. Bxh5 Nxb3 64. Bxf7 Kxe4 65. Ne7 Na5 66. Kg2 Kd3 67. Kf2 Bc7 68. Nd5 Be5 69. Ne7 Nxc4 70. Nc6 Bd4+ 71. Ke1 a5 72. Bg6+ Kc3 73. Ne7 b5 74. a4 bxa4 75. Nd5+ Kb2 76. Nf4 Ne5 0-1

[Event "CAN-ch"]
[Site "Toronto CAN"]
[Date "1996.08.23"]
[Round "10"]
[White "Teplitsky, Yan"]
[Black "Leveille, Francois"]
[Result "1-0"]
[WhiteElo "2450"]
[BlackElo "2350"]
[PlyCount "71"]
[GameId "2160767912024870"]
[EventDate "1996.08.14"]
[EventType "tourn"]
[EventRounds "15"]
[EventCountry "CAN"]
[EventCategory "4"]
[SourceTitle "CFC 1996.10"]
[Source "CFC"]
[SourceDate "2002.12.??"]
[SourceVersionDate "2002.12.??"]
[SourceQuality "1"]

1. Nf3 Nf6 2. c4 b6 3. g3 c5 4. Bg2 Bb7 5. Nc3 g6 6. d4 cxd4 7. Qxd4 d6 8. O-O Bg7 9. Be3 Nbd7 10. Rac1 Rc8 11. b3 O-O 12. Qh4 Re8 13. Rfd1 a6 14. Bh3 Rb8 15. Nd4 Rc8 16. g4 Ne4 17. Nxe4 Bxe4 18. g5 Ba8 19. Nc2 Qc7 20. f3 e6 21. Bd4 Ne5 22. Ne3 Red8 23. Bg2 Qb8 24. f4 Bxg2 25. Kxg2 Qb7+ 26. Kf2 Rf8 27. fxe5 dxe5 28. Bc3 f6 29. Kg1 fxg5 30. Qg4 Qe7 31. Ng2 b5 32. cxb5 axb5 33. Bb4 Qa7+ 34. e3 Rxc1 35. Qxe6+ Kh8 36. Rxc1 1-0

[Event "CAN-ch"]
[Site "Toronto CAN"]
[Date "1996.08.24"]
[Round "11"]
[White "Frialde, Arniel"]
[Black "Teplitsky, Yan"]
[Result "0-1"]
[WhiteElo "2332"]
[BlackElo "2450"]
[PlyCount "78"]
[GameId "2160767912024874"]
[EventDate "1996.08.14"]
[EventType "tourn"]
[EventRounds "15"]
[EventCountry "CAN"]
[EventCategory "4"]
[SourceTitle "CFC 1996.10"]
[Source "CFC"]
[SourceDate "2002.12.??"]
[SourceVersionDate "2002.12.??"]
[SourceQuality "1"]

1. d4 Nf6 2. Nf3 g6 3. c4 Bg7 4. g3 O-O 5. Bg2 d6 6. Nc3 Nbd7 7. O-O e5 8. e4 exd4 9. Nxd4 Re8 10. h3 Nc5 11. Re1 c6 12. b3 a5 13. Rb1 Nfd7 14. Bb2 Ne5 15. Bf1 Qb6 16. Nc2 f5 17. Na4 Nxa4 18. bxa4 Qc7 19. f4 Nf7 20. Bxg7 Kxg7 21. Qd4+ Kg8 22. Ne3 Rxe4 23. Qc3 Bd7 24. Ng4 fxg4 25. Rxe4 Bf5 26. Rbe1 Bxe4 27. Rxe4 Qb6+ 28. Kh2 Qf2+ 29. Bg2 gxh3 30. Kxh3 Qc5 31. Kh2 d5 32. Re6 dxc4 33. Be4 Kf8 34. Qf6 Rd8 35. f5 gxf5 36. Bxf5 Rd5 37. Be4 Rd2+ 38. Kh3 Qh5+ 39. Qh4 Ng5# 0-1

[Event "CAN-ch"]
[Site "Toronto CAN"]
[Date "1996.08.26"]
[Round "12"]
[White "Teplitsky, Yan"]
[Black "Horton, Joe"]
[Result "1/2-1/2"]
[WhiteElo "2450"]
[BlackElo "2325"]
[PlyCount "162"]
[GameId "2160767912024886"]
[EventDate "1996.08.14"]
[EventType "tourn"]
[EventRounds "15"]
[EventCountry "CAN"]
[EventCategory "4"]
[SourceTitle "CFC 1996.10"]
[Source "CFC"]
[SourceDate "2002.12.??"]
[SourceVersionDate "2002.12.??"]
[SourceQuality "1"]

1. Nf3 Nf6 2. c4 c5 3. Nc3 g6 4. d4 cxd4 5. Nxd4 Bg7 6. e4 d6 7. Be2 Nc6 8. Be3 O-O 9. O-O a6 10. f3 Bd7 11. Qd2 Nxd4 12. Bxd4 Rb8 13. Rfd1 Bc6 14. b4 b5 15. cxb5 axb5 16. Rac1 Nd7 17. Bf2 Rb7 18. Nd5 Bxd5 19. Qxd5 Qb8 20. Rc2 Nf6 21. Qd3 Rc8 22. Rdc1 Rxc2 23. Qxc2 Nd7 24. Qc8+ Nf8 25. Kf1 Bf6 26. f4 Kg7 27. Bf3 Bb2 28. Rc2 Qxc8 29. Rxc8 Ne6 30. g3 Nd4 31. Bd1 Kf6 32. Ke1 Ne6 33. Kd2 Bd4 34. Be1 Rc7 35. Rxc7 Nxc7 36. Kd3 e5 37. a4 bxa4 38. Bxa4 d5 39. Bb3 dxe4+ 40. Kxe4 Nb5 41. fxe5+ Bxe5 42. Kd5 h5 43. Bc4 Nc7+ 44. Kc6 h4 45. b5 Ne8 46. b6 Nd6 47. Bd3 Ke6 48. gxh4 Bxh2 49. Bc2 f5 50. Bb4 Ne4 51. Bxe4 fxe4 52. Bc5 Bf4 53. b7 Bb8 54. Bb6 Kf5 55. Bc7 Ba7 56. Kb5 e3 57. Ka6 e2 58. Kxa7 e1=Q 59. b8=Q Qa1+ 60. Kb7 Qh1+ 61. Kc8 Qxh4 62. Qb1+ Kg4 63. Qe4+ Kh5 64. Qd5+ Qg5 65. Be5 Qf5+ 66. Kd8 Qf8+ 67. Kc7 Qf5 68. Kd6 Kg4 69. Qg2+ Kh5 70. Qh2+ Kg4 71. Qg3+ Kh5 72. Bf4 Qg4 73. Qh2+ Qh4 74. Qe2+ Qg4 75. Qe3 Qf5 76. Ke7 Kg4 77. Qg3+ Kh5 78. Be3 Qe4+ 79. Kd6 Qd3+ 80. Kc5 Qf5+ 81. Kd4 Qg4+ 1/2-1/2

[Event "CAN-ch"]
[Site "Toronto CAN"]
[Date "1996.08.27"]
[Round "13"]
[White "Day, Lawrence"]
[Black "Teplitsky, Yan"]
[Result "1/2-1/2"]
[WhiteElo "2400"]
[BlackElo "2450"]
[PlyCount "90"]
[GameId "2160767912024889"]
[EventDate "1996.08.14"]
[EventType "tourn"]
[EventRounds "15"]
[EventCountry "CAN"]
[EventCategory "4"]
[SourceTitle "CFC 1996.10"]
[Source "CFC"]
[SourceDate "2002.12.??"]
[SourceVersionDate "2002.12.??"]
[SourceQuality "1"]

1. e4 c5 2. Nc3 Nc6 3. g3 g6 4. Bg2 Bg7 5. d3 d6 6. f4 e5 7. Nh3 Nge7 8. O-O Nd4 9. f5 gxf5 10. Ng5 h5 11. exf5 f6 12. Nge4 Bxf5 13. Rf2 Rc8 14. h3 Qd7 15. Kh2 d5 16. Nd2 Be6 17. Nf1 h4 18. g4 f5 19. gxf5 Nexf5 20. Ne3 Nxe3 21. Bxe3 Nf5 22. Bg5 O-O 23. Qd2 Rf7 24. Raf1 Rcf8 25. Ne2 Qd6 26. c3 b6 27. a3 a5 28. Kg1 Qd7 29. Kh2 b5 30. b4 axb4 31. axb4 c4 32. d4 exd4 33. cxd4 Qc7+ 34. Rf4 Ng3 35. Nxg3 hxg3+ 36. Kxg3 c3 37. Qd3 c2 38. Qe3 Rxf4 39. Bxf4 Rxf4 40. Qxf4 Qxf4+ 41. Kxf4 Bf7 42. Ra1 c1=Q+ 43. Rxc1 Bh6+ 44. Ke5 Bxc1 45. Bxd5 Ba3 1/2-1/2

[Event "CAN-ch"]
[Site "Toronto CAN"]
[Date "1996.08.28"]
[Round "14"]
[White "Teplitsky, Yan"]
[Black "Teodoro, Eduardo"]
[Result "1-0"]
[WhiteElo "2450"]
[BlackElo "2290"]
[PlyCount "49"]
[GameId "2160767912024902"]
[EventDate "1996.08.14"]
[EventType "tourn"]
[EventRounds "15"]
[EventCountry "CAN"]
[EventCategory "4"]

1. Nf3 c5 2. c4 Nf6 3. Nc3 Nc6 4. g3 e6 5. Bg2 d5 6. cxd5 Nxd5 7. O-O Nc7 8. d3 Be7 9. Be3 e5 10. Nd2 O-O 11. Na4 Nd4 12. Rc1 Nce6 13. Ne4 Qa5 14. b3 Bd7 15. Nec3 Rab8 16. f4 exf4 17. gxf4 b5 18. Nd5 Qd8 19. Nxe7+ Qxe7 20. Nxc5 Rfe8 21. Nxe6 Nxe6 22. f5 Ng5 23. Bc5 Qxe2 24. Qxe2 Rxe2 25. h4 1-0

[Event "UBC 1996.06-07"]
[Site "Vancouver CAN"]
[Date "1996.07.16"]
[Round "4"]
[White "Teplitsky, Yan"]
[Black "Ho, Andrew"]
[Result "1-0"]
[WhiteElo "2510"]
[BlackElo "2287"]
[PlyCount "103"]
[GameId "2160767912050133"]
[EventDate "1996.06.25"]
[EventType "swiss"]
[EventRounds "5"]
[EventCountry "CAN"]
[SourceTitle "CP Nov 1994"]

1. d4 Nf6 2. c4 g6 3. Nc3 Bg7 4. e4 d6 5. Be2 O-O 6. Nf3 e5 7. d5 a5 8. h4 Bg4 9. Be3 Na6 10. Nd2 Bxe2 11. Qxe2 Nh5 12. O-O-O c6 13. Kb1 Nf4 14. Qf1 cxd5 15. cxd5 Rb8 16. Nb5 Qd7 17. a4 Nc5 18. Bxc5 dxc5 19. g3 Nh5 20. Qe2 b6 21. Rhe1 Rfd8 22. Nc4 f6 23. Rd3 Kh8 24. Qc2 Bf8 25. Qb3 Bg7 26. Nc3 Bf8 27. Qb5 Qf7 28. Ka1 Bd6 29. Qc6 Bf8 30. Red1 Rdc8 31. Qb5 Rd8 32. Rf3 Qe7 33. Rfd3 Qb7 34. Ne2 Qc7 35. g4 Ng7 36. g5 fxg5 37. hxg5 Ne8 38. f4 exf4 39. e5 Qf7 40. d6 Ng7 41. Nd2 Ne6 42. Nf3 Bg7 43. Qc4 Qf5 44. Rd5 Rd7 45. Nc3 Qg4 46. R1d3 h6 47. gxh6 Bxh6 48. Ne4 Rdd8 49. Nf6 Qf5 50. d7 g5 51. Rd6 Nf8 52. Ng4 1-0

[Event "British Columbia-ch"]
[Site "Vancouver CAN"]
[Date "1996.??.??"]
[Round "?"]
[White "Moore, Harry"]
[Black "Teplitsky, Yan"]
[Result "0-1"]
[WhiteElo "2260"]
[BlackElo "2450"]
[PlyCount "74"]
[GameId "2160767912063085"]
[EventDate "1996.??.??"]
[EventType "tourn"]
[EventRounds "7"]
[EventCountry "CAN"]
[SourceTitle "EXT 1998"]
[Source "ChessBase"]
[SourceDate "1997.11.17"]
[SourceVersion "1"]
[SourceVersionDate "1997.11.17"]
[SourceQuality "1"]

1. d4 Nf6 2. c4 g6 3. Nc3 Bg7 4. e4 d6 5. f3 Nc6 6. d5 Ne5 7. f4 Ned7 8. Be3 O-O 9. Nf3 e6 10. Qc2 exd5 11. cxd5 Re8 12. O-O-O a6 13. Bd4 b5 14. e5 Ng4 15. e6 fxe6 16. dxe6 Nf8 17. e7 Rxe7 18. Nd5 Rd7 19. Qb3 Kh8 20. Qc3 Bb7 21. Ng5 Bxd5 22. Bxg7+ Rxg7 23. Rxd5 Qe7 24. Bd3 Nf6 25. Rd4 c5 26. Re4 Nxe4 27. Bxe4 b4 28. Qc4 Ra7 29. Bd5 a5 30. h4 a4 31. h5 gxh5 32. Rxh5 Qe3+ 33. Kc2 b3+ 34. Kd1 bxa2 35. Qxa2 Qd4+ 36. Kc2 a3 37. Be4 Rxg5 0-1

[Event "British Columbia-ch"]
[Site "Vancouver CAN"]
[Date "1996.??.??"]
[Round "?"]
[White "Teplitsky, Yan"]
[Black "Herder, David"]
[Result "1/2-1/2"]
[WhiteElo "2450"]
[BlackElo "2265"]
[PlyCount "90"]
[GameId "2160767912063093"]
[EventDate "1996.??.??"]
[EventType "tourn"]
[EventRounds "7"]
[EventCountry "CAN"]
[SourceTitle "EXT 1998"]
[Source "ChessBase"]
[SourceDate "1997.11.17"]
[SourceVersion "1"]
[SourceVersionDate "1997.11.17"]
[SourceQuality "1"]

1. Nf3 Nc6 2. d4 d5 3. c4 Bg4 4. Nc3 e6 5. Bf4 dxc4 6. e3 Nf6 7. Bxc4 Bd6 8. h3 Bh5 9. Bg5 Bb4 10. O-O h6 11. Bh4 g5 12. Bg3 Bxc3 13. bxc3 Ne4 14. Bd3 Bxf3 15. gxf3 Nxg3 16. fxg3 Qd6 17. f4 O-O-O 18. Be4 gxf4 19. gxf4 f5 20. Bf3 Rdg8+ 21. Kf2 Nd8 22. Qa4 a6 23. Qb4 Qxb4 24. cxb4 c6 25. Bh5 Rg7 26. Rg1 Rhg8 27. Rxg7 Rxg7 28. a4 b6 29. Rc1 Kd7 30. Be2 b5 31. axb5 axb5 32. Ra1 Kd6 33. Ra8 Rd7 34. Bf3 Kc7 35. Ra7+ Nb7 36. Ra1 Rg7 37. Rc1 Nd8 38. d5 exd5 39. Bxd5 Rd7 40. Bg8 Rd2+ 41. Kf3 Rh2 42. Kg3 Re2 43. Rc3 Nb7 44. Bd5 Nd8 45. Bg8 Nb7 1/2-1/2

[Event "British Columbia-ch"]
[Site "Vancouver CAN"]
[Date "1995.??.??"]
[Round "1"]
[White "Teplitsky, Yan"]
[Black "Herder, David"]
[Result "1/2-1/2"]
[WhiteElo "2450"]
[BlackElo "2265"]
[PlyCount "100"]
[GameId "2160767912138787"]
[EventDate "1995.??.??"]
[EventType "tourn"]
[EventRounds "7"]
[EventCountry "CAN"]
[SourceTitle "EXT 1998"]
[Source "ChessBase"]
[SourceDate "1997.11.17"]
[SourceVersion "1"]
[SourceVersionDate "1997.11.17"]
[SourceQuality "1"]

1. Nf3 d6 2. d4 Bg4 3. c4 Nd7 4. Nc3 Bxf3 5. gxf3 g6 6. f4 Bg7 7. Bg2 Rb8 8. Be3 Nh6 9. d5 c5 10. Qd3 a6 11. a4 Nf5 12. Bd2 Nd4 13. Ra3 Qb6 14. Nd1 O-O 15. e3 Nf5 16. Bh3 e6 17. Rb3 Qc7 18. Nc3 Rbe8 19. Kf1 Nf6 20. Rg1 Kh8 21. Ne4 Nxe4 22. Qxe4 b6 23. Qd3 Rb8 24. Bc3 Qd7 25. Ra3 b5 26. axb5 axb5 27. cxb5 Qxb5 28. Qxb5 Rxb5 29. dxe6 fxe6 30. Bxf5 exf5 31. Kg2 Bxc3 32. bxc3 Kg7 33. Ra6 Rb3 34. Rxd6 Rxc3 35. Ra1 Rf6 36. Ra7+ Rf7 37. Raa6 Rc7 38. h4 Kh6 39. Rdc6 Rxc6 40. Rxc6 Kh5 41. Rc7 h6 42. Rc6 c4 43. Kg3 Rc1 44. f3 c3 45. e4 c2 46. Kg2 fxe4 47. fxe4 Kxh4 48. f5 gxf5 49. exf5 Kg5 50. f6 Kg6 1/2-1/2

[Event "British Columbia-ch"]
[Site "Vancouver CAN"]
[Date "1995.??.??"]
[Round "3"]
[White "Teplitsky, Yan"]
[Black "Basanta, Gary"]
[Result "1/2-1/2"]
[WhiteElo "2450"]
[BlackElo "2340"]
[PlyCount "77"]
[GameId "2160767912138792"]
[EventDate "1995.??.??"]
[EventType "tourn"]
[EventRounds "7"]
[EventCountry "CAN"]
[SourceTitle "EXT 1998"]
[Source "ChessBase"]
[SourceDate "1997.11.17"]
[SourceVersion "1"]
[SourceVersionDate "1997.11.17"]
[SourceQuality "1"]

1. Nf3 Nf6 2. c4 e6 3. g3 b6 4. Bg2 Bb7 5. O-O c5 6. b3 d6 7. Bb2 Be7 8. d4 cxd4 9. Qxd4 Nbd7 10. Nc3 a6 11. Rad1 O-O 12. e4 Qc7 13. Rfe1 Rfd8 14. Qe3 Re8 15. h3 d5 16. e5 Ne4 17. Nxe4 dxe4 18. Nd2 Nxe5 19. Nxe4 Ng6 20. h4 Nf8 21. Nd6 Bxd6 22. Bxb7 Rad8 23. Bxa6 e5 24. Bb5 Re6 25. Rd5 e4 26. Red1 Rg6 27. Be5 Bxe5 28. Rxd8 Bxg3 29. Kh1 Bxh4 30. Rxf8+ Kxf8 31. Qxe4 Qb8 32. Rd7 Bg5 33. Ra7 Rh6+ 34. Kg2 Qh2+ 35. Kf1 Qh3+ 36. Kg1 Qh2+ 37. Kf1 Qh3+ 38. Kg1 Qh2+ 39. Kf1 1/2-1/2

[Event "British Columbia-ch"]
[Site "Vancouver CAN"]
[Date "1995.??.??"]
[Round "5"]
[White "Poitras, Luc"]
[Black "Teplitsky, Yan"]
[Result "0-1"]
[WhiteElo "2095"]
[BlackElo "2450"]
[PlyCount "60"]
[GameId "2160767912138798"]
[EventDate "1995.??.??"]
[EventType "tourn"]
[EventRounds "7"]
[EventCountry "CAN"]
[SourceTitle "EXT 1998"]
[Source "ChessBase"]
[SourceDate "1997.11.17"]
[SourceVersion "1"]
[SourceVersionDate "1997.11.17"]
[SourceQuality "1"]

1. e4 c5 2. Nf3 d6 3. d4 cxd4 4. Nxd4 Nf6 5. Nc3 Nc6 6. Bc4 Qb6 7. Nde2 e6 8. O-O Be7 9. Bb3 a6 10. Be3 Qc7 11. Ng3 h5 12. h3 h4 13. Nge2 b5 14. a3 Bb7 15. Bg5 Na5 16. Qd3 Rd8 17. Rad1 Nxb3 18. cxb3 d5 19. exd5 Nxd5 20. Bxe7 Qxe7 21. Nxd5 Rxd5 22. Qe3 Rg5 23. f3 O-O 24. Rd4 Qf6 25. b4 Re5 26. Re4 Bxe4 27. fxe4 Qg6 28. Nc3 Rg5 29. Qd2 Rg3 30. Kh2 Qg5 0-1

[Event "British Columbia-ch"]
[Site "Vancouver CAN"]
[Date "1995.??.??"]
[Round "6"]
[White "Teplitsky, Yan"]
[Black "Storey, Carl"]
[Result "1-0"]
[WhiteElo "2450"]
[BlackElo "2125"]
[PlyCount "64"]
[GameId "2160767912138802"]
[EventDate "1995.??.??"]
[EventType "tourn"]
[EventRounds "7"]
[EventCountry "CAN"]
[SourceTitle "EXT 1998"]
[Source "ChessBase"]
[SourceDate "1997.11.17"]
[SourceVersion "1"]
[SourceVersionDate "1997.11.17"]
[SourceQuality "1"]

1. Nf3 d6 2. d4 Bg4 3. c4 Nd7 4. e4 Ngf6 5. Nc3 e5 6. Be2 c6 7. Be3 Be7 8. O-O O-O 9. Rc1 Ne8 10. Qd2 Bxf3 11. Bxf3 exd4 12. Qxd4 Bg5 13. Rfd1 a5 14. Na4 Bxe3 15. Qxe3 Ne5 16. Be2 Nf6 17. c5 Nfg4 18. Bxg4 Nxg4 19. Qf4 f5 20. exf5 Nh6 21. Nb6 Rb8 22. Rxd6 Qe7 23. f6 Qe2 24. Rd7 Rbe8 25. Rxg7+ Kh8 26. h3 Ng8 27. Nd7 Nxf6 28. Nxf6 Kxg7 29. Nxe8+ Rxe8 30. Rc3 Re6 31. Rf3 Qe1+ 32. Kh2 Qe5 1-0

[Event "Richmond active"]
[Site "Richmond CAN"]
[Date "1995.??.??"]
[Round "?"]
[White "Teplitsky, Yan"]
[Black "Sommerfeld, Gilbert"]
[Result "1-0"]
[WhiteElo "2450"]
[BlackElo "2250"]
[PlyCount "75"]
[GameId "2160767912139737"]
[EventDate "1995.??.??"]
[EventType "tourn"]
[EventCountry "CAN"]
[SourceTitle "EXT 2022"]
[Source "ChessBase"]
[SourceDate "2021.10.06"]
[SourceVersion "1"]
[SourceVersionDate "2021.10.06"]
[SourceQuality "1"]

1. Nf3 Nf6 2. c4 g6 3. Nc3 Bg7 4. e4 d6 5. d4 O-O 6. Be2 e5 7. d5 a5 8. h4 Nh5 9. g3 Bg4 10. a3 Na6 11. Rb1 h6 12. Nd2 Bxe2 13. Qxe2 Nc5 14. b4 axb4 15. axb4 Na4 16. Nxa4 Rxa4 17. c5 c6 18. dxc6 bxc6 19. cxd6 Qxd6 20. Nc4 Qe7 21. O-O Rb8 22. Bd2 Qa7 23. Kg2 Ra2 24. Qe3 Qd7 25. Rfd1 Qg4 26. Qf3 Qe6 27. Qb3 Raa8 28. Ne3 Qe8 29. Qc4 Rd8 30. Bc3 Kh7 31. Rxd8 Rxd8 32. Ra1 Kg8 33. Ra7 Nf6 34. Rc7 Rd7 35. Rxc6 Rd8 36. b5 Kh7 37. Nd5 Nxd5 38. exd5 1-0